000 01187nam a22002297a 4500
999 _c56978
_d56978
003 Ge_BSU
005 20190917123859.0
008 190917s2019 ge ||||| |||| 00| 0 geo d
020 _a9789941462528
041 _ageo
080 _a004.42+519.6 ბ-52
100 _aბერიძე , ვახტანგ.
_94056
245 _aმოდელირება და სიმულაციები (Mathcad) /
_cვახტანგ ბერიძე ; დავით დევაძე ; რედ : ციცინო სარაჯიშვილი .
264 _aბათუმი :
_bბათუმის შოთა რუსთაველის სახელმწიფო უნ-ტის გამ-ბა,
_c2019.
300 _a181 გვ .:
_bცხრ . ;
_c25 სმ.
653 _aკომპიუტერული მათემატიკური სისტემა
653 _aკომპიუტერი
653 _aმათემატიკა
700 _aდევაძე , დავით
_94057
700 _aსარაჯიშვილი, ციცინო
_eრედქტორი
_94058
942 _2udc
_cBK